000 00333nam a2200157Ia 4500
100 _aGulati/ R.R.
650 _aElectrical Engineering
942 _cBK
654 _aColour T.V
245 _aColour T.V
260 _bWiley eastern
_aNEW DELHI
_c1988
082 _a621.3
_bGul
300 _a536
546 _aENGLISH
999 _c34741
_d34741